Statistics for Countries furthest away from Poles and Equator

Click here to take the quiz!

General Stats

  • This quiz has been taken 146 times
  • The average score is 17 of 20

Answer Stats

Latitude of Closest PointAnswer% Correct
49°01'NAustria
94%
48°15'NRomania
92%
48°35'NHungary
91%
46°52'NSlovenia
91%
41°15'NBulgaria
90%
49°36'NSlovakia
90%
47°48'NSwitzerland
90%
47°14'NLiechtenstein
89%
42°15'NSerbia
89%
42°23'NCroatia
87%
42°34'NBosnia and Herzegovina
86%
41°85'NKosovo
86%
42°26'NAndorra
84%
43°54'NSan Marino
83%
41°51'NMontenegro
82%
41°03'NGeorgia
81%
43°44'NMonaco
81%
48°28'NMoldova
80%
40°52'NMacedonia
78%
41°54'NVatican City
76%

Score Distribution

Percentile by Number Answered

Percent of People with Each Score

Your Score History

You have not taken this quiz